[Event "24th Dortmund Meeting"]
[Site "Dortmund GER"]
[Date "1996.07.14"]
[Round "9"]
[White "Topalov, Veselin"]
[Black "Kramnik, Vladimir"]
[WhiteElo "2750"]
[BlackElo "2765"]
[Result "1/2-1/2"]
[EventDate "1996.07.05"]
[PlyCount "58"]

1.d4 d5 2.c4 c6 3.Nf3 Nf6 4.Nc3 e6 5.Bg5 dxc4 6.e4 b5 7.e5 h6 8.Bh4 g5 9.
Nxg5 hxg5 10.Bxg5 Nbd7 11.exf6 Bb7 12.g3 c5 13.d5 Qb6 14.Bg2 O-O-O 15.O-O 
b4 16.Rb1 Qa6 17.dxe6 Bxg2 18.e7 Bxf1 19.Qd5 Bxe7 20.fxe7 Bd3 21.Ne4 Bxb1 
22.Nd6+ Kc7 23.Bf4 Kb6 24.Nxc4+ Kb5 25.Nd6+ Kb6 26.exd8=B+ Rxd8 27.Nc4+ 
Kb5 28.Nd6+ Kb6 29.Nc4+ Kb5 1/2-1/2